Online
Catalog

ley no. 247-12 : (Record no. 40007)

MARC details
000 -CABECERA
campo de control de longitud fija 00680nam a2200169 a 4500
001 - NÚMERO DE CONTROL
campo de control 000040517
005 - FECHA Y HORA DE LA ÚLTIMA TRANSACCIÓN
campo de control 20201002034202.0
008 - DATOS DE LONGITUD FIJA--INFORMACIÓN GENERAL
campo de control de longitud fija 130829s2015 dr 000 0 spa d
040 ## - FUENTE DE LA CATALOGACIÓN
Centro catalogador/agencia de origen DO-SdBNP
Lengua de catalogación spa
Centro/agencia transcriptor BNPHU
110 2# - ENTRADA PRINCIPAL--NOMBRE DE ENTIDAD CORPORATIVA
Nombre de entidad corporativa o nombre de jurisdicción como elemento de entrada República Dominicana
9 (RLIN) 447
245 10 - MENCIÓN DE TÍTULO
Título ley no. 247-12 :
Resto del título orgánica de administración pública y ley 107-13 sobre los derechos de las personas en sus relaciones con la administración y de procedimiento administrativo /
Mención de responsabilidad, etc. edición Héctor bienvenido Guzmán.
246 ## - FORMA VARIANTE DE TÍTULO
Título propio/Titulo breve Ley 107-13
260 ## - PUBLICACIÓN, DISTRIBUCIÓN, ETC.
Lugar de publicación, distribución, etc. Santo Domingo :
Nombre del editor, distribuidor, etc. Editora Dalis,
Fecha de publicación, distribución, etc. 2015.
300 ## - DESCRIPCIÓN FÍSICA
Extensión 102 p. ;
Dimensiones 22 cm.
500 ## - NOTA GENERAL
Nota general Edición 35 aniversario
700 12 - PUNTO DE ACCESO ADICIONAL--NOMBRE DE PERSONA
Nombre de persona Guzmán, Héctor bienvenido
9 (RLIN) 66820
Holdings
Estado de retiro Estado de pérdida No para préstamo Código de colección Localización permanente Ubicación/localización actual Ubicación en estantería Fecha de adquisición Número de inventario Total de préstamos Signatura topográfica completa Código de barras Fecha visto por última vez Precio válido a partir de Tipo de ítem Koha Número de copia
    Excluido de préstamo Patrimonio Dominicano Patrimonio Dominicano Patrimonio Dominicano Depósito 29.08.2013 LF1   40517-10 25.06.2020 25.06.2020 Libro y Folleto Colección Patrimonio Dominicano  
    Excluido de préstamo Patrimonio Dominicano Patrimonio Dominicano Patrimonio Dominicano Depósito 21.02.2017 LF1   40517-20 25.06.2020 25.06.2020 Libro y Folleto Colección Patrimonio Dominicano e. 2

Powered by Koha